1133 1064 1607 1169 1481 1793 1812 1791 1653 1548 1946 1686 1862 1029 1140 1880 1329 1616 1240 1111 1381 1577 1084 1061 1892 1333 1845 1131 1866 1766 1337 1279 1589 1603 1680 1551 1618 1253 1495 1440 1925 1224 1791 1475 1516 1663 1886 1519 1838 1304 1837 1579 1984 1156 1147 1866 1369 1841 1445 1818 1557 1814 1423 1917 1455 1779 1076 1746 1189 1537 1499 1409 1493 1028 1566 1899 1326 1565 1045 1010 1702 1791 1146 1837 1440 1673 1778 1807 1331 1208 1681 1019 1819 1757 1065 1363 1556 1546 1692 BCNSPRNW ULIB Ver.6.0+V

เปลี่ยนเป็นภาษาไทย

Change to English
 แสดงรายละเอียดบรรณานุกรม
  กลับหน้าหลัก

Brief Record : Get Marc (ISO 2709) : E-mail record : QR code < ปิดหน้าต่าง
LEADER : 00000nam 2200000uu 4500
001    13399112860
003     ULIB
008    110914s2551||||th 000 0 tha d
020    9789740434320
090    นว.^bO983ป 2551
100 0  Oresia
245     ปรากฎการณ์รักหมดหัวใจ/^cOresia
250    พิมพ์ครั้งที่ 1
260    กรุงเทพฯ :^bแจ่มใส,^c2551
300    287 หน้า
710 1  แจ่มใส
945    ^p199^l0^i15030
995    กัณชพร
999     ^aใช้งานได้ทุกระบบ
รายการนี้ยังไม่มีแท็ก
คุณยังไม่ได้ล็อกอิน คุณสามารถมีกิจกรรมร่วมกับเว็บไซต์ได้ แต่ต้องล็อกอินก่อน ::
  ล็อกอิน

รายการสื่อสารสนเทศ

ลำดับที่ ประเภท เลขเรียก/บาร์โค้ด สถานที่ สถานะ
1. นวนิยาย
นวนิยาย
นว. O983ป 2551  
  Barcode: 15030
ห้องสมุดวิทยาเขตสวรรค์ประชารักษ์
►นวนิยาย
บนชั้น
  ขอยืม

รายการใกล้เคียง
    ผู้แต่ง [Oresia]

BibComment


ยังไม่เคยถูกคอมเมนท์

คอมเมนท์ทรัพยากรรายการนี้
  คอมเมนท์: ปรากฎการณ์รักหมด..


 Copyright 2026. Bcnsprnw @Library